000 00684nam a2200205 i 4500
001 21051
003 ES-MaACL
005 20230906152417.0
007 t|
008 021120q1890 sp |||| | spa d
100 1 _aAlas, Leopoldo
_d1852-1901
_eaut
_9226375
245 1 0 _aSiglo pasado /
_cLeopoldo Alas (Clarín).
260 _aMadrid :
_bAntonio R. López,
_c[ca. 1890]
_f(Imp. de Ricardo Rojas)
300 _a195 p. ;
_c19 cm.
530 _aDisponible en formato digital.
852 _aES-MaACL
_jB-3140
856 _uhttp://bibliotecadigital.jcyl.es/i18n/consulta/registro.cmd?id=14262
_zBiblioteca Digital de Castilla y León
942 _2udc
999 _c21051
_d21051